Indikátory inštitucionálnej kvality bakalárska práca

Enregistré dans:
Détails bibliographiques
Auteur principal: Račko, Dávid
Collectivité auteur: Národohospodárska fakulta EU. Katedra hospodárskej politiky
Autres auteurs: Fifeková, Elena
Format: Livre
Langue:slovaque
Publié: Bratislava 2017
Tags: Ajouter un tag
Pas de tags, Soyez le premier à ajouter un tag!

MARC

LEADER 00000nbm a2200000 4500
001 0233668
005 20170801094410.5
041 0 |a slo 
044 |a SK 
245 1 0 |a Indikátory inštitucionálnej kvality  |b bakalárska práca  |c Dávid Račko ; školiteľ: Elena Fifeková 
264 1 |a Bratislava  |c 2017 
300 |a 38 s. 
100 1 |a Račko, Dávid 
700 1 |a Fifeková, Elena 
710 2 |a Národohospodárska fakulta EU. Katedra hospodárskej politiky